01644nam a22002537a 4500003000400000005001700004008004100021020001800062040002100080041000800101082003100109100003600140245011900176250002200295260005800317300009600375500005900471504003100530505065100561650005001212650004401262650003601306700004801342OSt20210304153956.0210304b2015 ck aobegr|||| 00| 0 spa d a9789584677365 aCO-JMCRcCO-JMCR0 aspa04a711.40986126 / bG283n2231 aGaviria Correa, Anibal, eautor10aNuestra nueva Medellín : bnuevo Naranjal / cautores, Aníbal Gaviria Correa, Margarita María Ángel Bernal aPrimera edición a[Medellín] : bEmpresa de Desarrollo Urbano, c2015 a199 páginas : bilustraciones, fotografías, gráficos, mapas y planos color ; c30 cm. aIncluye datos biográficos de los autores y glosario. aBibliografía: p. 193-1940 aOtrabanda. Historia de caminos, lugares de encuentro y futuros inciertos -- El barrio Naranjal y el centro expandido de Medellín -- La Plaza de Toros La Macanera y su transformación en Centro de Espectáculos -- La vieja fabrica Tejicóndor y su conversión en tiendas comerciales de gran formato (Makro, Home Center, Tugó, Jumbo) -- El proyecto urbano y arquitectónico, transformación y renovación física y social (concepción, diseño, gestión, construcción, habitabilidad y sostenibilidad) -- Un "Modelo de renovación urbana" desde la óptica de la arquitectura y el urbanismo; retos de la gestión público-privada14aRehabilitación urbanazMedellín(Colombia)24aDesarrollo urbanozMedellín(Colombia)24aUrbanismozMedellín(Colombia)1 aÁngel Bernal, Margarita María, eautora